00265nam a2200109Ia 4500008004100000100002000041245003900061250001200100260002700112300000800139650000800147191201s2009 xx 000 0 und d aLEVINE, David M 0aBusiness Statistics a first Course aIMP 2nd aN.DelhibPearsonc2009 a677 aMBA